书目信息 |
| 题名: |
会速算的人, 人生都不会太差
|
|
| 作者: | 斯隆 著 ;康建召 译 | |
| 分册: | ||
| 出版信息: | 哈尔滨 北方文艺出版社 2019.07 |
|
| 页数: | 187页 | |
| 开本: | 21cm | |
| 丛书名: | ||
| 单 册: | ||
| 中图分类: | O121.4 | |
| 科图分类: | ||
| 主题词: | 速算--su suan--基本知识 | |
| 电子资源: | ||
| ISBN: | 978-7-5317-4422-1 | |
| 000 | 01033nam0 2200241 450 | |
| 001 | 2059157409 | |
| 005 | 20201105162605.55 | |
| 010 | @a978-7-5317-4422-1@dCNY49.80 | |
| 100 | @a20190701d2019 em y0chiy50 ea | |
| 101 | 1 | @achi@ceng |
| 102 | @aCN@b230000 | |
| 105 | @ay z 000yy | |
| 200 | 1 | @a会速算的人, 人生都不会太差@Ahui su suan de ren , ren sheng dou bu hui tai cha@f(美) 托马斯·奥康纳·斯隆著@g康建召译 |
| 210 | @a哈尔滨@c北方文艺出版社@d2019.07 | |
| 215 | @a187页@d21cm | |
| 314 | @a(美) 托马斯·奥康纳·斯隆, 毕业于哥伦比亚大学。 | |
| 330 | @a本书以新奇和消遣的方式, 介绍了速算法在数学领域内的运用, 通过建立数与数之间的特殊关系, 来进行较快的加减乘除运算。本书所介绍的计算方法, 既可以应用于实际工作, 提高运算速度和准确率, 也可以让读者领会到精彩的算术运算, 锻炼逻辑思维能力。 | |
| 606 | 0 | @a速算@Asu suan@x基本知识 |
| 690 | @aO121.4@v5 | |
| 701 | 1 | @a斯隆@Asi long@g(Sloane, Thomas O'Conor),@f1851-1940@4著 |
| 702 | 0 | @a康建召@Akang jian zhao@4译 |
| 801 | 0 | @aCN@b人天书店@c20200925 |
| 905 | @aZUCC@dO121.4@eS709 | |
| 会速算的人, 人生都不会太差/(美) 托马斯·奥康纳·斯隆著/康建召译.-哈尔滨:北方文艺出版社,2019.07 |
| 187页;21cm |
| ISBN 978-7-5317-4422-1:CNY49.80 |
| 本书以新奇和消遣的方式, 介绍了速算法在数学领域内的运用, 通过建立数与数之间的特殊关系, 来进行较快的加减乘除运算。本书所介绍的计算方法, 既可以应用于实际工作, 提高运算速度和准确率, 也可以让读者领会到精彩的算术运算, 锻炼逻辑思维能力。 |
| ● |
| 相关链接 |
|
|
|
正题名:会速算的人, 人生都不会太差
索取号:O121.4/S709
 
预约/预借
| 序号 | 登录号 | 条形码 | 馆藏地/架位号 | 状态 | 备注 |
| 1 | 1479317 | 214793179 | 自科库401/401自科库 105排8列6层/ [索取号:O121.4/S709] | 在馆 | |
| 2 | 1479318 | 214793188 | 自科库401/401自科库 105排8列6层/ [索取号:O121.4/S709] | 在馆 |